| 000 | 00628nam a22001337a 4500 | ||
|---|---|---|---|
| 040 | _cRUA | ||
| 082 | _aLMA RIC 2024 B1-397 Or.1 | ||
| 100 | _aRICH VISETH រិច វិសិដ្ឋ | ||
| 245 | _aSTUDY ON LAND USE PLANNING FOCUS ROAD INFRASTRUCTURE IN SANGKAT CHREAV, SIEM REAP CITY, SEAM REAP PROVINCE សិក្សាពីការរៀបចំផែនការប្រើប្រាស់ដីធ្លីដោយផ្តោត | ||
| 260 |
_aRUA _bPHNOM PENH _c2024 |
||
| 300 |
_ax _bill _c29cm |
||
| 856 | _uhttps://drive.google.com/file/d/1y8I77PvbEqls1pyaWgN56aY-oDa3_rCQ/view?usp=sharing | ||
| 942 | _cLMA | ||
| 999 |
_c24934 _d24934 |
||